| 000 | 00470nam a22001817a 4500 | ||
|---|---|---|---|
| 003 | OSt | ||
| 008 | 220115b ||||| |||| 00| 0 eng d | ||
| 020 | _a9789386943569 | ||
| 082 | _a615.1 TIP | ||
| 100 | _aTiwari, Abhishek | ||
| 245 | _aPharmaceutical Organic Chemistry -1 | ||
| 250 | _a5th Edition | ||
| 260 |
_aPune _bNirali Prakashan _c2021 |
||
| 300 | _a7.12 | ||
| 650 | _aPharmaceutical Organic Chemistry | ||
| 700 | _aUpmanyu & Chakraborty | ||
| 942 |
_2ddc _cBK |
||
| 999 |
_c11068 _d11068 |
||